Dahl, Blume or Lewis? Quiz Stats

 Plays Quiz Updated Mar 17, 2020

Support Sporcle.
Go Orange.
Score 0/24 Timer 03:00
1 Play Today
Work Author % Correct
James and the Giant Peach???
84.8%
Fantastic Mr. Fox???
82.2%
Matilda???
81.8%
Prince Caspian???
79.7%
The BFG???
79.3%
The Witches???
76.3%
The Last Battle???
76.2%
The Twits???
76.2%
Freckle Juice???
74.7%
Superfudge???
74.5%
Summer Sisters???
74.4%
The Silver Chair???
74%
Work Author % Correct
Then Again, Maybe I Won't???
72.8%
The Magician's Nephew???
72.8%
The Horse and His Boy???
68.5%
Blubber???
66.6%
Iggie's House???
64.4%
Tiger Eyes???
61.5%
Wifey???
59.6%
The Magic Finger???
56.9%
The Screwtape Letters???
52.9%
Perelandra???
51.5%
The Vicar of Nibbleswicke???
47.7%
That Hideous Strength???
41.4%

You're not logged in!

Compare scores with friends on all Sporcle quizzes.
OR
Log In

From the Vault

NCAA Basketball Championship: #1 vs. #1

by El_Dandy

Safe to say the Loyola Ramblers are not included.
Remove Ads.
Support Sporcle.
Get the best of Sporcle when you Go Orange. This ad-free experience offers more features, more stats, and more fun while also helping to support Sporcle. Thank you for becoming a member.

Show Comments

Extras

Top Quizzes Today


Score Distribution

Your Account Isn't Verified!

In order to create a playlist on Sporcle, you need to verify the email address you used during registration. Go to your Sporcle Settings to finish the process.

Report this User

Report this user for behavior that violates our Community Guidelines.

Details: